ბათუმის შოთა რუსთაველის სახელმწიფო უნივერსიტეტის ბიბლიოთეკა

ლექსები, პოემები, მოთხრობები (ბიბ.ჩანაწერი № 48975)

000 -LEADER
fixed length control field 01236nam a2200229Ia 4500
001 - CONTROL NUMBER
control field 15880
003 - CONTROL NUMBER IDENTIFIER
control field GE_BSU
008 - FIXED-LENGTH DATA ELEMENTS--GENERAL INFORMATION
fixed length control field 181216s||||||||xx |||||||||||||| ||und||
040 ## - CATALOGING SOURCE
Transcribing agency GE_BSU
080 ## - UNIVERSAL DECIMAL CLASSIFICATION NUMBER
Universal Decimal Classification number 821.353.1-1
100 ## - MAIN ENTRY--PERSONAL NAME
Personal name ჭავჭავაძე, ი. (ილია, 1837-1907)
245 ## - TITLE STATEMENT
Title ლექსები, პოემები, მოთხრობები
245 ## - TITLE STATEMENT
Statement of responsibility, etc. წინასიტყვ. ავტ.: შ. რადიანი ; რედ.: შ. რადიანი, ა. აბაშელი.
260 ## - PUBLICATION, DISTRIBUTION, ETC.
Place of publication, distribution, etc. თბილისი
260 ## - PUBLICATION, DISTRIBUTION, ETC.
Name of publisher, distributor, etc. სახელგამი
260 ## - PUBLICATION, DISTRIBUTION, ETC.
Date of publication, distribution, etc. 1937
300 ## - PHYSICAL DESCRIPTION
Extent 584 გვ. 22 სმ
300 ## - PHYSICAL DESCRIPTION
Accompanying material ბიბლიოგრაფია: ლიტერატურა წანართის შენიშვნებში.
520 ## - SUMMARY, ETC.
Summary, etc. ი. ჭავჭავაძის ფერადი სურათი გ. გაბაშვილი. - შმუცტიტულები: ა. გრიგოლია. - ტიტული: ნ. ჩერნიშკოვი. - გარეკანი: ზ. გორდეზიანი.
653 ## - INDEX TERM--UNCONTROLLED
Uncontrolled term ლექსები, პოემები, მოთხრობები
942 ## - ADDED ENTRY ELEMENTS (KOHA)
Koha item type წიგნი
ეგზემპლარები
Withdrawn status Lost status Damaged status Not for loan Date acquired Barcode Date last seen Price effective from Koha item type
        2018-12-17 39081 2018-12-17 2018-12-17 წიგნი
        2018-12-17 39082 2018-12-17 2018-12-17 წიგნი
        2018-12-17 39083 2018-12-17 2018-12-17 წიგნი
        2018-12-17 39084 2018-12-17 2018-12-17 წიგნი
        2018-12-17 39085 2018-12-17 2018-12-17 წიგნი
        2018-12-17 39086 2018-12-17 2018-12-17 წიგნი
        2018-12-17 39156 2018-12-17 2018-12-17 წიგნი